Effectif Ghana - Coupe du monde 2026 - Statistiques

Statistiques générales
  • Ce quiz a été pris 6 fois
  • Le résultat moyen est 6 sur 27
Statistiques - réponses
Poste Club Numéro Joueur % Correct
Attaquant Olympique Lyonnais 24 Ernest Nuamah
100%
Défenseur Stade Rennais FC 2 Alidu Seidu
75%
Attaquant Manchester City 11 Antoine Semenyo
75%
Attaquant Athletic Bilbao 19 Iñaki Williams
75%
Milieu Villarreal CF 5 Thomas Partey
75%
Milieu AS Saint-Etienne 20 Augustine Boakye
50%
Défenseur AJ Auxerre 14 Gideon Mensah
50%
Sélectionneur - - Carlos Queiroz
25%
Milieu AJ Auxerre 15 Elisha Owusu
25%
Attaquant Leicester City 9 Jordan Ayew
25%
Milieu Atalanta BC 22 Kamaldeen Sulemana
25%
Défenseur OGC Nice 21 Kojo Peprah Oppong
25%
Milieu Leicester City 7 Abdul Fatawu Issahaku
0%
Défenseur Rayo Vallecano 6 Abdul Mumin
0%
Défenseur PAOK Thessalonique 17 Baba Abdul Rahman
0%
Gardien Hearts of Oak 16 Benjamin Asare
0%
Attaquant Coventry City 10 Brandon Thomas-Asante
0%
Milieu FC Nordsjaelland 3 Caleb Yirenkyi
0%
Attaquant Al-Qadsiah FC 13 Christopher Bonsu Baah
0%
Défenseur Pafos FC 23 Derrick Luckassen
0%
Défenseur Basaksehir FK 18 Jerome Opoku
0%
Défenseur VfL Wolfsburg 4 Jonas Adjetey
0%
Gardien St. Patrick's Athletic 12 Joseph Anang
0%
Milieu Real Oviedo 8 Kwasi Sibo
0%
Gardien FC Saint-Gall 1879 1 Lawrence Ati Zigi
0%
Défenseur AJ Auxerre 26 Marvin Senaya
0%
Attaquant FC Viktoria Plzen 25 Prince Adu
0%
Aucun quiz correspondant
Distribution des résultats
% des personnes avec chaque résultat
Percentile par nombre de réponses
Votre historique - résultats
Vous n’avez pas pris ce quiz